Detalles MARC
| 000 -LEADER |
| fixed length control field |
01672 am a2200445 a 4500 |
| 005 - FECHA ULTIMA MODIFICACION |
| control field |
20240701133209.0 |
| 008 - CAMPO DE CONTROL (LIBRO) |
| fixed length control field |
100831s1996||||ag d f |||| 001 0 spa d |
| 020 ## - INTERNATIONAL STANDARD BOOK NUMBER |
| ISBN |
S/N |
| 041 ## - CODIGO DE IDIOMA |
| Código de idioma del texto/pista de sonido o título separado |
spa |
| 092 ## - SIGNATURA TOPOGRAFICA DEWEY LOCAL |
| número de clasificación |
616 |
| libristica |
91 |
| sección |
VAL |
| 100 1# - ENTRADA PRINCIPAL--NOMBRE PERSONAL |
| Nombre personal |
Valderrábano, Recaredo R. |
| 9 (RLIN) |
1371 |
| 245 ## - TITULO PROPIAMENTE DICHO |
| Título |
Síntomas y signos, caminos de diagnóstico / |
| Mención de responsabilidad y remanente de la transcripción de la portada |
Recaredo R. Valderrabano. |
| 250 ## - MENCION DE EDICION |
| Mención de edición |
1a ed. |
| 260 ## - PIE DE IMPRENTA |
| Lugar de publicación, distribución, etc |
San Miguel de Tucumán [Tucumán ; Argentina]: |
| Nombre de la editorial, distribuidor, etc |
Facultad de Medicina. Universidad Nacional de Tucumán; |
| Fecha de publicación |
1996. |
| 300 ## - DESCRIPCION FISICA |
| Extension |
281 p. |
| 500 ## - NOTA GENERAL |
| Nota general |
Valderrábano, R. R. (1996). Síntomas y signos, caminos de diagnóstico. (1a ed.). San Miguel de Tucumán (Argentina) : Facultad de Medicina. Universidad Nacional de Tucumán. |
| 653 ## - TÉRMINO INDIZADO - PALABRAS CLAVES |
| Palabra clave |
Pacientes con cefalea |
| 653 ## - TÉRMINO INDIZADO - PALABRAS CLAVES |
| Palabra clave |
Pacientes con dolor de pecho |
| 653 ## - TÉRMINO INDIZADO - PALABRAS CLAVES |
| Palabra clave |
Pacientes con dolor abdominal |
| 653 ## - TÉRMINO INDIZADO - PALABRAS CLAVES |
| Palabra clave |
Pacientes en estado de coma y otros trastornos de la conciencia |
| 653 ## - TÉRMINO INDIZADO - PALABRAS CLAVES |
| Palabra clave |
Perdidas bruscas y transitorias de la conciencia |
| 653 ## - TÉRMINO INDIZADO - PALABRAS CLAVES |
| Palabra clave |
Alteraciones de la pigmentación cutanea |
| 653 ## - TÉRMINO INDIZADO - PALABRAS CLAVES |
| Palabra clave |
Pacientes anémicos |
| 653 ## - TÉRMINO INDIZADO - PALABRAS CLAVES |
| Palabra clave |
Pacientes con cianosis |
| 653 ## - TÉRMINO INDIZADO - PALABRAS CLAVES |
| Palabra clave |
Pacientes con ictericia |
| 653 ## - TÉRMINO INDIZADO - PALABRAS CLAVES |
| Palabra clave |
Pacientes con edemas |
| 653 ## - TÉRMINO INDIZADO - PALABRAS CLAVES |
| Palabra clave |
Purpuras: valoración clínica |
| 653 ## - TÉRMINO INDIZADO - PALABRAS CLAVES |
| Palabra clave |
Prurito: valoración diagnóstica |
| 653 ## - TÉRMINO INDIZADO - PALABRAS CLAVES |
| Palabra clave |
Pacientes con adenopatías |
| 653 ## - TÉRMINO INDIZADO - PALABRAS CLAVES |
| Palabra clave |
Pacientes con esplenomegalia |
| 653 ## - TÉRMINO INDIZADO - PALABRAS CLAVES |
| Palabra clave |
Pacientes con disnea |
| 653 ## - TÉRMINO INDIZADO - PALABRAS CLAVES |
| Palabra clave |
Disfagia |
| 653 ## - TÉRMINO INDIZADO - PALABRAS CLAVES |
| Palabra clave |
Pacientes con fiebre |
| 653 ## - TÉRMINO INDIZADO - PALABRAS CLAVES |
| Palabra clave |
Hipertensión arterial (H.T.A.) |
| 653 ## - TÉRMINO INDIZADO - PALABRAS CLAVES |
| Palabra clave |
Pacientes con soplos |
| 653 ## - TÉRMINO INDIZADO - PALABRAS CLAVES |
| Palabra clave |
Alteraciones del peso corporal |
| 930 ## - NUMERO DE INVENTARIO |
| Número de inventario |
294 |
| 930 ## - NUMERO DE INVENTARIO |
| Número de inventario |
392 |
| 942 ## - ADDED ENTRY ELEMENTS (KOHA) |
| Source of classification or shelving scheme |
Dewey Decimal Classification |
| Item type |
Libros |